Fr. Conceicao Rodrigues College of Engineering

Engineering thermodynamics (Record no. 29801)

MARC details
000 -LEADER
fixed length control field 00395nam a2200181Ia 4500
082 ## - DEWEY DECIMAL CLASSIFICATION NUMBER
Classification number 621.4021/NAG
Item number NAG
100 ## - MAIN ENTRY--PERSONAL NAME
Personal name Nag/P.K
250 ## - EDITION STATEMENT
Edition statement 4
245 ## - TITLE STATEMENT
Title Engineering thermodynamics
260 ## - PUBLICATION, DISTRIBUTION, ETC.
Name of publisher, distributor, etc. Tata Mc Graw hill Ltd.
Place of publication, distribution, etc. New Delhi
Date of publication, distribution, etc. 2008
366 ## - TRADE AVAILABILITY INFORMATION
Publishers's discount category 17.5
300 ## - PHYSICAL DESCRIPTION
Extent 804
546 ## - LANGUAGE NOTE
Language note ENGLISH
650 ## - SUBJECT ADDED ENTRY--TOPICAL TERM
Topical term or geographic name entry element Thermodynamics
654 ## - SUBJECT ADDED ENTRY--FACETED TOPICAL TERMS
Focus term thermodynamics
942 ## - ADDED ENTRY ELEMENTS (KOHA)
Koha item type BOOK
Holdings
Withdrawn status Lost status Damaged status Not for loan Collection Home library Current library Date acquired Source of acquisition Cost, normal purchase price Inventory number Total Checkouts Total Renewals Full call number Barcode Date last seen Date last checked out Cost, replacement price Price effective from Koha item type
        CRC Fr. Agnel's C.Rodrigues College of Engineering Fr. Agnel's C.Rodrigues College of Engineering 17/03/2023 Educational books and periodicals 243.38 258 dt 27/04/2009 2 1 621.4021/NAG NAG 19539 02/12/2023 09/11/2023 295.00   BOOK